01579nam a2200157 a 4500008004100000020001800041041000800059100002300067245013300090250001100223260005300234300002200287500018700309505091000496655001501406161215t2016 ag |||g ||| 001 p spa d a9789874603555 aspa1 aMoscardi, Matías aMáquina de hacer libritos.bPoesía argentina y editoriales independientes en la década de los noventa /cMatías Moscardi a1a ed. aMar del Plata:bPuente Aéreo Ediciones;c2016. a336 p.c14x20 cm. aMoscardi, M. (2016). La máquina de hacer libritos. Poesía Argentina y editoriales independientes en la década de los noventa. (1a ed.). Buenos Aires : Puente Aéreo Ediciones. aParece una fantasía, pero en Argentina se juntan dos o tres poetas y nace una nueva editorial. Las voces se multiplican, se confunden y la máquina de libros no para de girar...Papeles impresos que el viento lleva de acá para allá, tapas de colores, o en blanco y negro (el viento no lee ni entiende nada, sólo sabe pasar las hojas), pero con este libro puntual y necesario de Matías Moscardi tal vez aprenda, como un niño haciendo puntas de pie junto a una vieja impresora, cómo fue la historia de las editoriales que inventaron una nueva forma de darle vida a la poesía y a la edición de una época dura. Aquí están todos los héroes de la edición independiente, hablando de cómo fue lo que pasó. Moscardi analiza, yuxtapone, describe y ordena con una prosa que mucho le debe a sus ejercicio de poeta y pone a girar la máquina de la poesía, de la felicidad, otra vez.  aLiteratura